000 01372cam a22002771i 4500
003 SA-RiAUC
005 20260313121437.0
008 260312s1915 xx g 000 0aara c
040 _aSA-RiDKA
_bara
_cSA-RiAUC
_erda
043 _aa-su---
082 0 4 _a915.31204
_qSA-RiAUC
090 _aم ن 915.31204
_bهـ ا ش
100 1 _aالهاشمي، غريب بن عجيب،
_dتوفي بعد 1309 هجري
_eمؤلف.
245 1 0 _aكتاب سياحتي إلى الحجاز وهي حوادث واقعية للشيخ غريب بن الشيخ عجيب الهاشمي وقد حررها بيده.
246 3 0 _aسياحتي إلى الحجاز وهي حوادث واقعية للشيخ غريب بن الشيخ عجيب الهاشمي وقد حررها بيده
250 _aالطبعة الأولى.
264 1 _a[مكان النشر غير محدد] :
_b[الناشر غير محدد]،
_c1915
300 _a497 صفحة ؛
_c29 سم
336 _aنص
_btxt
_2rdacontent
_3كتاب
337 _aبدون وسيط
_bn
_2rdamedia
338 _aمجلد
_bnc
_2rdacarrier
600 1 7 _aالهاشمي، غريب بن عجيب،
_dتوفي بعد 1309 هجري
_xرحلات
_zالسعودية
_zالحجاز
_2aucnm
651 7 _aالحجاز (السعودية)
_xوصف ورحلات
_2aucsh
942 _2ddc
_cRBOOK COPY
_n0
949 _aSA-JeALM
_d260312
_umohamedma123
_n1
999 _c14557
_d14557